Loading...

Hazari prasad dvivedi ke upanyasom ka navamoolyankan

Bibliografiske detaljer
Hovedforfatter: Avish, Udayveer Sharma
Format: Printed Book
Udgivet: Mathura, Rachana Prakasan 1989
Fag:
LEADER 005680000a22001810004500
022 |a 25-07-2004 
041 |a Hindi 
082 |a 891.433 009 AVI/H M9 
100 |a Avish, Udayveer Sharma 
245 |a Hazari prasad dvivedi ke upanyasom ka navamoolyankan 
260 |a Mathura, Rachana Prakasan 
260 |c 1989 
650 |a Criticism 
650 |a Hindi literature 
650 |a Novel 
942 |c BK 
999 |c 145529  |d 145525 
952 |0 0  |1 0  |4 0  |6 891_433000000000000_009_AVI_H_M9  |7 0  |9 144302  |a SCC  |b SCC  |d 2017-10-11  |l 0  |o 891.433 009 AVI/H M9  |p SCC07769  |r 2017-10-11  |w 2017-10-11  |y BK